<?xml version="1.0" encoding="UTF-8"?>
<record
    xmlns:xsi="http://www.w3.org/2001/XMLSchema-instance"
    xsi:schemaLocation="http://www.loc.gov/MARC21/slim http://www.loc.gov/standards/marcxml/schema/MARC21slim.xsd"
    xmlns="http://www.loc.gov/MARC21/slim">

  <leader>01277nam a2200265 i 4500</leader>
  <controlfield tag="001">181745</controlfield>
  <controlfield tag="003">ES-MaACL</controlfield>
  <controlfield tag="005">20260217120737.0</controlfield>
  <controlfield tag="008">130321s1923    sp f         |||| | spa d</controlfield>
  <datafield tag="100" ind1="1" ind2=" ">
    <subfield code="a">M&#xE9;lida y Alinari, Jos&#xE9; Ram&#xF3;n,</subfield>
    <subfield code="d">1856-1933</subfield>
    <subfield code="9">79969</subfield>
  </datafield>
  <datafield tag="245" ind1="1" ind2="0">
    <subfield code="a">Excavaciones de Numancia : </subfield>
    <subfield code="b">memoria acerca de las practicadas en 1920-21 / </subfield>
    <subfield code="c">presentada por D. Jos&#xE9; Ram&#xF3;n M&#xE9;lida... y D. Blas Taracena Aguirre.</subfield>
  </datafield>
  <datafield tag="260" ind1=" " ind2=" ">
    <subfield code="a">Madrid : </subfield>
    <subfield code="b">[s.n.], </subfield>
    <subfield code="c">1923 (</subfield>
    <subfield code="f">Tip. de la "Revista de Arch., Bibl. y Museos")</subfield>
  </datafield>
  <datafield tag="300" ind1=" " ind2=" ">
    <subfield code="a">16 p., V h. de l&#xE1;m., [1] h. de plano : </subfield>
    <subfield code="b">il. ; </subfield>
    <subfield code="c">24 cm.</subfield>
  </datafield>
  <datafield tag="490" ind1="1" ind2=" ">
    <subfield code="a">Junta Superior de Excavaciones y Antig&#xFC;edades ; </subfield>
    <subfield code="v">49 = n. 5, 1920-21</subfield>
  </datafield>
  <datafield tag="530" ind1=" " ind2=" ">
    <subfield code="a">Disponible en formato digital.</subfield>
  </datafield>
  <datafield tag="650" ind1=" " ind2="4">
    <subfield code="a">Excavaciones arqueol&#xF3;gicas-</subfield>
    <subfield code="z">Soria (Provincia)</subfield>
    <subfield code="9">12648</subfield>
  </datafield>
  <datafield tag="651" ind1=" " ind2="4">
    <subfield code="a">Numancia (Ciudad desaparecida)</subfield>
    <subfield code="9">143146</subfield>
  </datafield>
  <datafield tag="700" ind1="1" ind2=" ">
    <subfield code="a">Taracena Aguirre, Blas.</subfield>
    <subfield code="9">109258</subfield>
  </datafield>
  <datafield tag="710" ind1="2" ind2=" ">
    <subfield code="a">Espa&#xF1;a. </subfield>
    <subfield code="b">Junta Superior de Excavaciones y Antig&#xFC;edades.</subfield>
    <subfield code="9">152463</subfield>
  </datafield>
  <datafield tag="830" ind1="1" ind2=" ">
    <subfield code="a">Junta Superior de Excavaciones y Antig&#xFC;edades ; </subfield>
    <subfield code="v">49 = n. 5, 1920-21</subfield>
    <subfield code="9">191570</subfield>
  </datafield>
  <datafield tag="852" ind1=" " ind2=" ">
    <subfield code="a">ES-MaACL</subfield>
    <subfield code="j">E-3371(5)</subfield>
    <subfield code="c">DEPO2</subfield>
  </datafield>
  <datafield tag="856" ind1="4" ind2=" ">
    <subfield code="u">http://bibliotecadigital.jcyl.es/i18n/consulta/registro.cmd?id=1619</subfield>
    <subfield code="y">Biblioteca Digital de Castilla y Le&#xF3;n</subfield>
  </datafield>
  <datafield tag="942" ind1=" " ind2=" ">
    <subfield code="2">udc</subfield>
  </datafield>
  <datafield tag="999" ind1=" " ind2=" ">
    <subfield code="c">181745</subfield>
    <subfield code="d">181745</subfield>
  </datafield>
  <datafield tag="952" ind1=" " ind2=" ">
    <subfield code="0">0</subfield>
    <subfield code="1">0</subfield>
    <subfield code="4">0</subfield>
    <subfield code="7">0</subfield>
    <subfield code="8">Colecci&#xF3;n_digital</subfield>
    <subfield code="a">ATENEOM</subfield>
    <subfield code="b">ATENEOM</subfield>
    <subfield code="c">DEPO2</subfield>
    <subfield code="d">2013-03-21</subfield>
    <subfield code="e">DON</subfield>
    <subfield code="l">0</subfield>
    <subfield code="o">E-3371(5)</subfield>
    <subfield code="p">1190995</subfield>
    <subfield code="r">2023-02-23 00:00:00</subfield>
    <subfield code="w">2023-02-23</subfield>
    <subfield code="y">MONOGRAFIA</subfield>
  </datafield>
</record>
